Наноразмерные сдвиги на поверхности ГЦК-металлических материалов; Известия вузов. Физика; Т. 57, № 9-3

Xehetasun bibliografikoak
Parent link:Известия вузов. Физика: научный журнал/ Национальный исследовательский Томский государственный университет (ТГУ).— , 1957-
Т. 57, № 9-3.— 2014.— [С. 147-151]
Egile nagusia: Лычагин Д. В. Дмитрий Васильевич
Erakunde egilea: Национальный исследовательский Томский политехнический университет (ТПУ) Юргинский технологический институт (филиал) (ЮТИ) Кафедра технологии машиностроения (ТМС)
Beste egile batzuk: Алфёрова Е. А. Екатерина Александровна, Соколов А. П. Александр Петрович
Gaia:Заглавие с экрана
Рассмотрены параметры сдвига деформационного рельефа гранецентрированных кубических металлов и сплавов. Установлен диапазон изменения величины сдвига, лежащего в пределах от 10 до 200 нм, для уровня следов скольжения и значения 1000 нм и более при образовании мезо- и макрополос деформации. Показано, что величина сдвига зависит от кристаллографической ориентации деформации монокристалла, материала, степени порядка сплава, величины деформации и способа организации деформации. Установлен дискретный характер средней величины сдвига для каждого масштабного уровня деформации.
The parameters of deformation relief of face-centered cubic (FCC) metals and alloys are considered. The change of the shear is the range from 10 to 200 nm for the level of the slip lines and - 1000 nm or more for the deformation meso- and macrobands. It has been shown that the quantity of the shear depends on the crystallographic orientation of the single crystal, the material, the degree of order of the alloy, the amount of strain and the way for the organization of the deformation. The discrete character of an average value of shear for each scale level deformation is set.
Режим доступа: по договору с организацией-держателем ресурса
Hizkuntza:errusiera
Argitaratua: 2014
Gaiak:
Sarrera elektronikoa:http://elibrary.ru/item.asp?id=23274352
Formatua: Baliabide elektronikoa Liburu kapitulua
KOHA link:https://koha.lib.tpu.ru/cgi-bin/koha/opac-detail.pl?biblionumber=644667

MARC

LEADER 00000nla0a2200000 4500
001 644667
005 20250317114609.0
035 |a (RuTPU)RU\TPU\network\9751 
090 |a 644667 
100 |a 20151125d2014 k||y0rusy50 ca 
101 0 |a rus 
102 |a RU 
135 |a drcn ---uucaa 
181 0 |a i  
182 0 |a b 
200 1 |a Наноразмерные сдвиги на поверхности ГЦК-металлических материалов  |d Nanosized shears on the surface of FCC metal materials  |f Д. В. Лычагин, Е. А. Алфёрова, А. П. Соколов 
203 |a Текст  |c электронный 
300 |a Заглавие с экрана 
320 |a [Библиогр.: с. 151 (33 назв.)] 
330 |a Рассмотрены параметры сдвига деформационного рельефа гранецентрированных кубических металлов и сплавов. Установлен диапазон изменения величины сдвига, лежащего в пределах от 10 до 200 нм, для уровня следов скольжения и значения 1000 нм и более при образовании мезо- и макрополос деформации. Показано, что величина сдвига зависит от кристаллографической ориентации деформации монокристалла, материала, степени порядка сплава, величины деформации и способа организации деформации. Установлен дискретный характер средней величины сдвига для каждого масштабного уровня деформации. 
330 |a The parameters of deformation relief of face-centered cubic (FCC) metals and alloys are considered. The change of the shear is the range from 10 to 200 nm for the level of the slip lines and - 1000 nm or more for the deformation meso- and macrobands. It has been shown that the quantity of the shear depends on the crystallographic orientation of the single crystal, the material, the degree of order of the alloy, the amount of strain and the way for the organization of the deformation. The discrete character of an average value of shear for each scale level deformation is set. 
333 |a Режим доступа: по договору с организацией-держателем ресурса 
461 |t Известия вузов. Физика  |o научный журнал  |f Национальный исследовательский Томский государственный университет (ТГУ)  |d 1957- 
463 |t Т. 57, № 9-3  |v [С. 147-151]  |d 2014 
510 1 |a Nanosized shears on the surface of FCC metal materials  |z eng 
610 1 |a электронный ресурс 
610 1 |a труды учёных ТПУ 
610 1 |a монокристаллы 
610 1 |a сдвиги 
610 1 |a кристаллографическая ориентация 
610 1 |a пластическая деформация 
700 1 |a Лычагин  |b Д. В.  |c специалист в области машиностроения  |c профессор Юргинского технологического института (филиала) Томского политехнического университета, доктор физико-математических наук  |f 1957-  |g Дмитрий Васильевич  |3 (RuTPU)RU\TPU\pers\30564  |9 14858 
701 1 |a Алфёрова  |b Е. А.  |c специалист в области машиностроения  |c доцент Юргинского технологического института (филиала) Томского политехнического университета, кандидат физико-математических наук  |f 1982-  |g Екатерина Александровна  |3 (RuTPU)RU\TPU\pers\26530  |9 12224 
701 1 |a Соколов  |b А. П.  |c специалист в области машиностроения  |c доцент Томского политехнического университета, кандидат технических наук  |f 1956-  |g Александр Петрович  |3 (RuTPU)RU\TPU\pers\26503  |9 12205 
712 0 2 |a Национальный исследовательский Томский политехнический университет (ТПУ)  |b Юргинский технологический институт (филиал) (ЮТИ)  |b Кафедра технологии машиностроения (ТМС)  |3 (RuTPU)RU\TPU\col\18902 
801 2 |a RU  |b 63413507  |c 20151125  |g RCR 
856 4 0 |u http://elibrary.ru/item.asp?id=23274352 
942 |c CF